Language Quiz

Random Language or Letter Quiz

3x3 Word Challenge Quiz Stats

 Plays Quiz Updated Jan 14, 2019

Support Sporcle.
Go Orange.
Score 0/54 Timer 03:00
4 Plays Today
Pattern % Correct
F _ _???
99.2%
H _ _???
98.8%
R _ _???
98.5%
M _ _???
98.4%
O _ _???
97.7%
G _ _???
97.6%
L _ _???
97.6%
C _ _???
95.8%
E _ _???
95.8%
W _ _???
95.6%
_ _ W???
94.9%
N _ _???
94.9%
_ R _???
94.7%
_ _ R???
94.5%
Y _ _???
93.3%
_ _ X???
91.6%
K _ _???
91.3%
J _ _???
91.2%
_ _ L???
89.7%
V _ _???
89.5%
I _ _???
88.1%
_ L _???
87.8%
_ _ O???
87.5%
_ _ A???
87.4%
_ H _???
87.3%
_ Y _???
84%
_ _ C???
77.8%
Pattern % Correct
Z _ _???
77.3%
_ N _???
75.1%
_ _ H???
74.1%
_ D _???
68.6%
_ W _???
67.8%
_ P _???
67.8%
_ _ K???
67.2%
_ S _???
67%
_ _ F???
65.6%
_ T _???
64.6%
U _ _???
62.6%
_ _ U???
62%
_ F _???
59.8%
_ G _???
57.5%
_ C _???
57.3%
_ _ I???
56%
_ M _???
54%
_ V _???
47.8%
_ X _???
46.6%
_ B _???
45.8%
_ K _???
40.9%
Q _ _???
37.8%
_ _ Z???
36.8%
_ _ J???
28.9%
_ _ V???
28.3%
X _ _???
9.9%
_ Z _???
8.2%

From the Vault

#1 Ranked Golfers

by Pistol

Sports 6m
“If you watch a game, it’s fun. If you play at it, it’s recreation. If you work at it, it’s golf.” – Bob Hope
Remove Ads.
Support Sporcle.
Get the best of Sporcle when you Go Orange. This ad-free experience offers more features, more stats, and more fun while also helping to support Sporcle. Thank you for becoming a member.

Show Comments

Extras

Top Quizzes Today


Score Distribution

Your Account Isn't Verified!

In order to create a playlist on Sporcle, you need to verify the email address you used during registration. Go to your Sporcle Settings to finish the process.

Report this User

Report this user for behavior that violates our Community Guidelines.

Details: